000 00484nam a22001577a 4500
005 20251028124019.0
008 251028b |||||||| |||| 00| 0 eng d
020 _a9780803603318
050 _aRT41
_b.W576
100 _aWilliams, Linda S.
245 _aUnderstanding Medical-Surgical Nursing
_cLinda S. Williams & Paula D. Hopper
260 _aPhiladelphia
_bF. A. Davis Company
_c1999
300 _axxxii. 1296p.
_bill. color
_c28cm
700 _aHopper, D. Paula
942 _2lcc
_cBK
_n0
999 _c7848
_d7848